000 00806nam a22002777a 4500
001 BR7326078
003 BR-BrBNA
005 20230928084347.0
007 ta
008 230509b bl.||||| |||| 00| 0 por d
040 _aBR-BrBNA
_bpor
_cBiblioteca Nacional de Agricultura
041 _a(Por)
072 _aK50
_b2140
090 _ 2140 BR7326078
100 1 _aRaoul, W.
110 1 _aInstituto Nacional de Tecnologia, Rio de Janeiro, GB (Brasil)
_96511
245 1 _aA cera da erva-mate, Illex paraguariensis St. Hil., suas caracteristicas fisico-quimicas e aplicacoes industriais
260 3 _aRio de Janeiro, GB (Brasil):
_c1946.
300 _a82 p.
500 _a16 ref.
650 _aMATE
650 _aCERA
650 _aEXTRATO
909 _a202309
_bLucia
_c55
_dLucia Elande
942 _cBK
999 _c18406
_d18406